[Event "Mitropa Cup (Women)"]
[Site "Apolda"]
[Date "2024.02.19"]
[Round "5.12"]
[White "Pellicoro, Nathalie"]
[Black "Rybackova, Lucie"]
[Result "1/2-1/2"]
[WhiteElo "1905"]
[BlackElo "1977"]
[PlyCount "82"]
[EventDate "2024.02.15"]
[EventType "team-tourn"]
[EventRounds "9"]
[EventCountry "GER"]
[SourceTitle "CB09_2024"]
[SourceDate "2024.02.28"]
[SourceVersion "1"]
[SourceVersionDate "2024.02.28"]
[SourceQuality "1"]
[WhiteTeam "Switzerland (W)"]
[BlackTeam "Czech Republic (W)"]
[WhiteTeamCountry "SUI"]
[BlackTeamCountry "CZE"]

1. e4 c6 2. d4 d5 3. e5 Bf5 4. h4 h5 5. Bd3 Bxd3 6. Qxd3 Qa5+ 7. Nd2 e6 8. Ne2 Ne7 9. 0-0 Nf5 10. g3 Be7 11. b3 0-0 12. Nf4 g6 13. Nf3 Qa6 14. c4 Nd7 15. Bb2 Rfd8 16. Rfc1 Rac8 17. Qc2 b6 18. a4 Bb4 19. Nd3 c5 20. Kg2 Qb7 21. Qe2 Nf8 22. Kh2 dxc4 23. Rxc4 a5 24. Nxb4 cxb4 25. Rac1 Rxc4 26. Rxc4 Rc8 27. Ng5 Nh7 28. Ne4 Rxc4 29. bxc4 Qc6 30. Qc2 Nf8 31. Nf6+ Kg7 32. Qb3 Nd7 33. d5 Qc8 34. Nxd7 Qxd7 35. d6 Kf8 36. Bc1 Qc6 37. Qd3 Ke8 38. Be3 Kd7 39. Bd4 Kd8 40. Be3 Kd7 41. Bd4 Kd8 1/2-1/2

[Event "Mitropa Cup (Women)"]
[Site "Apolda"]
[Date "2024.02.15"]
[Round "1.20"]
[White "Rybackova, Lucie"]
[Black "Mihelic, Vesna"]
[Result "1/2-1/2"]
[WhiteElo "1977"]
[BlackElo "2097"]
[PlyCount "109"]
[EventDate "2024.02.15"]
[EventType "team-tourn"]
[EventRounds "9"]
[EventCountry "GER"]
[SourceTitle "CB09_2024"]
[SourceDate "2024.02.28"]
[SourceVersion "1"]
[SourceVersionDate "2024.02.28"]
[SourceQuality "1"]
[WhiteTeam "Czech Republic (W)"]
[BlackTeam "Slovenia (W)"]
[WhiteTeamCountry "CZE"]
[BlackTeamCountry "SLO"]

1. d4 d5 2. Nf3 Nf6 3. g3 e6 4. Bg2 c5 5. 0-0 Nc6 6. c4 Be7 7. cxd5 Nxd5 8. dxc5 0-0 9. a3 Bxc5 10. e4 Nde7 11. b4 Bd4 12. Nxd4 Nxd4 13. e5 Nec6 14. Be3 a5 15. bxa5 Rxa5 16. f4 f6 17. Bxc6 Nxc6 18. Qxd8 Nxd8 19. exf6 gxf6 20. Nc3 Nc6 21. Bb6 Ra6 22. Bc5 Rd8 23. Rfd1 Kg7 24. Rxd8 Nxd8 25. Rd1 Nc6 26. Ne4 Ra5 27. Bb4 Ra4 28. Nd6 Nxb4 29. axb4 Bd7 30. Nf5+ exf5 31. Rxd7+ Kg6 32. Rxb7 Ra2 33. b5 Rb2 34. b6 h6 35. Kh1 h5 36. Kg1 h4 37. gxh4 Kh5 38. Rb8 Kg4 39. Kf1 Kxf4 40. b7 Kf3 41. Ke1 f4 42. h5 Re2+ 43. Kd1 Re7 44. h6 Kf2 45. Kd2 f3 46. Kd3 Kf1 47. Rf8 Rxb7 48. Rxf6 f2 49. Ke3 Rb3+ 50. Kf4 Kg2 51. Kg4 f1Q 52. Rxf1 Kxf1 53. h7 Rb8 54. Kg5 Kg2 55. Kg6 1/2-1/2

[Event "Ceske Budejovice op-A"]
[Site "Ceske Budejovice"]
[Date "2022.07.03"]
[Round "3"]
[White "Rybackova, Lucie"]
[Black "Kukacka, Ladislav"]
[Result "1/2-1/2"]
[WhiteElo "1696"]
[BlackElo "1555"]
[PlyCount "108"]
[EventDate "2022.07.01"]
[EventType "swiss"]
[EventRounds "9"]
[EventCountry "CZE"]
[SourceTitle "CBM 209 Extra"]
[Source "ChessBase"]
[SourceDate "2022.09.30"]
[SourceVersion "1"]
[SourceVersionDate "2022.09.30"]
[SourceQuality "1"]

1. d4 d6 2. c4 Nf6 3. Nc3 g6 4. e4 Bg7 5. f4 c5 6. d5 0-0 7. Nf3 e6 8. Be2 a6 9. a4 Qc7 10. 0-0 Nbd7 11. h3 b6 12. Be3 Bb7 13. Qc2 Rae8 14. a5 exd5 15. cxd5 Nxd5 16. Nxd5 Bxd5 17. exd5 Rxe3 18. axb6 Qxb6 19. Bxa6 c4 20. Rf2 Rxf3 21. gxf3 Bd4 22. Kg2 Bxf2 23. Qxf2 Qxf2+ 24. Kxf2 Ra8 25. Ra3 Nb6 26. Bb7 Ra4 27. Bc6 Rb4 28. Ra2 Rb3 29. Ke2 Kg7 30. Kf2 Kf6 31. Kg3 Kf5 32. Ra7 f6 33. Rxh7 Rxb2 34. Bd7+ Nxd7 35. Rxd7 c3 36. Rxd6 c2 37. Rc6 g5 38. fxg5 fxg5 39. Rc5 Ke5 40. Kg4 Kd6 41. Rc8 Kxd5 42. Kxg5 Kd4 43. Kg4 Kd3 44. Rd8+ Kc3 45. Rc8+ Kd2 46. Rd8+ Kc1 47. f4 Kb1 48. Rc8 c1Q 49. Rxc1+ Kxc1 50. f5 Rg2+ 51. Kh5 Rg8 52. f6 Rh8+ 53. Kg6 Rxh3 54. f7 Rf3 1/2-1/2

[Event "CZE-ch U14 Girls"]
[Site "Luhacovice"]
[Date "2022.03.13"]
[Round "2"]
[White "Reznickova, Sibyla"]
[Black "Rybackova, Lucie"]
[Result "0-1"]
[WhiteElo "1304"]
[BlackElo "1617"]
[PlyCount "88"]
[EventDate "2022.03.12"]
[EventType "swiss"]
[EventRounds "9"]
[EventCountry "CZE"]
[SourceTitle "EXT 2023"]
[Source "ChessBase"]
[SourceDate "2022.10.05"]
[SourceVersion "1"]
[SourceVersionDate "2022.10.05"]
[SourceQuality "1"]

1. d4 Nf6 2. Nf3 g6 3. Bf4 Bg7 4. Nc3 d5 5. e3 0-0 6. Bd3 b6 7. 0-0 Bb7 8. Re1 c5 9. b3 Nc6 10. Qd2 Ne4 11. Nxe4 dxe4 12. Bxe4 cxd4 13. exd4 f5 14. Bxc6 Bxc6 15. Rad1 Bxf3 16. gxf3 Qd7 17. Bh6 Rf6 18. Bxg7 Kxg7 19. Kh1 Rd8 20. Qb4 Rf7 21. Rg1 Qc6 22. Rd3 Qxc2 23. Qd2 Qxd2 24. Rxd2 Rd5 25. Re1 Kf6 26. f4 e6 27. Re5 Rfd7 28. Rxd5 Rxd5 29. Kg2 Rd7 30. Kf3 Rc7 31. h4 Rc3+ 32. Kg2 Ke7 33. f3 Kd6 34. Kf2 Kd5 35. Ke2 a5 36. Rd3 Rc2+ 37. Rd2 Rxd2+ 38. Kxd2 Kxd4 39. a4 h5 40. Kc2 Ke3 41. Kc3 Kxf3 42. Kc4 Kxf4 43. Kb5 Ke3 44. Kxb6 f4 0-1

[Event "EU-ch Hybrid U12 Girls"]
[Site "Tornelo INT"]
[Date "2021.10.15"]
[Round "9"]
[White "Kozlova, Olga1111"]
[Black "Rybackova, Lucie"]
[Result "1/2-1/2"]
[WhiteElo "1517"]
[BlackElo "1685"]
[PlyCount "141"]
[EventDate "2021.10.15"]
[EventType "swiss"]
[EventRounds "9"]
[EventCountry "NET"]
[SourceTitle "EXT 2023"]
[Source "ChessBase"]
[SourceDate "2022.10.05"]
[SourceVersion "1"]
[SourceVersionDate "2022.10.05"]
[SourceQuality "1"]
[WhiteTeam "Russia"]
[BlackTeam "Czech Republic"]
[WhiteTeamCountry "RUS"]
[BlackTeamCountry "CZE"]

1. d4 Nf6 2. c4 c5 3. d5 b5 4. cxb5 a6 5. bxa6 g6 6. Nc3 d6 7. g3 Bg7 8. Bg2 0-0 9. Nf3 Nxa6 10. 0-0 Qb6 11. Nd2 Nc7 12. Rb1 Ba6 13. b3 Nb5 14. Bb2 Nxc3 15. Bxc3 Rfb8 16. Re1 Nd7 17. Bxg7 Kxg7 18. Qc2 Qa7 19. Qc3+ Kg8 20. Bh3 Nb6 21. e4 Bc8 22. Bxc8 Rxc8 23. Rec1 Rcb8 24. a4 Rb7 25. Kg2 Qa6 26. Re1 Rc7 27. Rbc1 c4 28. Qb4 Qa5 29. Qxa5 Rxa5 30. Nxc4 Nxc4 31. Rxc4 Rxc4 32. bxc4 Rxa4 33. Rc1 Ra5 34. Rc2 Kg7 35. f4 Rc5 36. Kf3 Kf6 37. Ke3 e6 38. Kd4 exd5 39. exd5 Ke7 40. Ra2 Rc7 41. Ra5 Rb7 42. c5 Rb4+ 43. Kc3 dxc5 44. Rxc5 Ra4 45. Rc4 Ra2 46. Kd4 Rxh2 47. Rc7+ Ke8 48. Ke5 Ra2 49. Kf6 Ra6+ 50. Rc6 Ra8 51. Rb6 Rd8 52. Ke5 Ra8 53. Kf6 Rd8 54. d6 Ra8 55. Rb7 Ra6 56. Re7+ Kd8 57. Ke5 Ra5+ 58. Kd4 Rf5 59. Re5 f6 60. Re7 h5 61. Ke4 Ra5 62. Rg7 g5 63. Rh7 f5+ 64. Kd4 gxf4 65. gxf4 h4 66. Rxh4 Kd7 67. Rh6 Rb5 68. Rf6 Ra5 69. Kc4 Ra4+ 70. Kd5 Ra5+ 71. Kd4 1/2-1/2

[Event "EU-ch Hybrid U12 Girls"]
[Site "Tornelo INT"]
[Date "2021.10.15"]
[Round "8"]
[White "Rybackova, Lucie"]
[Black "Sordia, Marta"]
[Result "1-0"]
[WhiteElo "1685"]
[BlackElo "1278"]
[PlyCount "84"]
[EventDate "2021.10.15"]
[EventType "swiss"]
[EventRounds "9"]
[EventCountry "NET"]
[SourceTitle "EXT 2023"]
[Source "ChessBase"]
[SourceDate "2022.10.05"]
[SourceVersion "1"]
[SourceVersionDate "2022.10.05"]
[SourceQuality "1"]
[WhiteTeam "Czech Republic"]
[BlackTeam "Georgia"]
[WhiteTeamCountry "CZE"]
[BlackTeamCountry "GEO"]

1. e4 c5 2. d4 cxd4 3. c3 Nf6 4. e5 Nd5 5. cxd4 Nc6 6. Nc3 e6 7. Nxd5 exd5 8. Nf3 d6 9. exd6 Qxd6 10. Bd3 g6 11. Be3 Bg7 12. h3 0-0 13. 0-0 Be6 14. a3 a5 15. Rc1 f5 16. Bb5 f4 17. Bxc6 fxe3 18. Bxb7 exf2+ 19. Rxf2 Rab8 20. Bc6 Rb6 21. Ba4 Bxh3 22. gxh3 Qg3+ 23. Rg2 Qxf3 24. Qxf3 Rxf3 25. Rd2 Rxb2 26. Rc8+ Rf8 27. Rxf8+ Kxf8 28. Rxb2 Bxd4+ 29. Rf2+ Bxf2+ 30. Kxf2 Ke7 31. Ke3 Kd6 32. Kd4 g5 33. Bb3 h5 34. Bd1 g4 35. hxg4 hxg4 36. Bxg4 Kc6 37. a4 Kd6 38. Bf3 Kc6 39. Bxd5+ Kb6 40. Kc4 Ka6 41. Kc5 Ka7 42. Kb5 Kb8 1-0

[Event "CZE-ch U12 Girls"]
[Site "Kouty nad Desnou"]
[Date "2020.03.11"]
[Round "6"]
[White "Rybackova, Lucie"]
[Black "Cinkova, Vicky"]
[Result "1/2-1/2"]
[WhiteElo "1328"]
[BlackElo "1221"]
[PlyCount "88"]
[EventDate "2020.03.07"]
[EventType "swiss"]
[EventRounds "7"]
[EventCountry "CZE"]
[SourceTitle "CBM 195 Extra"]
[Source "ChessBase"]
[SourceDate "2020.05.31"]
[SourceVersion "1"]
[SourceVersionDate "2020.05.31"]
[SourceQuality "1"]

1. e4 c5 2. Nf3 g6 3. c3 Bg7 4. d4 cxd4 5. cxd4 d6 6. Nc3 Nc6 7. Bb5 Bd7 8. 0-0 Bg4 9. d5 a6 10. dxc6 axb5 11. cxb7 Rb8 12. Nxb5 Rxb7 13. Nc3 Nf6 14. h3 Bxf3 15. Qxf3 0-0 16. e5 Rb8 17. exf6 Bxf6 18. Bh6 Bg7 19. Bxg7 Kxg7 20. Rab1 e6 21. Rfd1 Qe7 22. Qg3 Rfd8 23. Ne4 d5 24. Qg5 f6 25. Qxf6+ Qxf6 26. Nxf6 Kxf6 27. Kf1 d4 28. Ke2 Kf5 29. Kd3 e5 30. f3 h5 31. b4 g5 32. a4 Rbc8 33. Rdc1 Kf4 34. b5 g4 35. b6 gxf3 36. gxf3 Kxf3 37. Rf1+ Kg3 38. b7 Rb8 39. a5 Kg2 40. Rfe1 Rd5 41. a6 Ra5 42. Rb6 Kxh3 43. Rxe5 Rxe5 44. a7 Ree8 1/2-1/2